000 00517nam a2200181Ia 4500
999 _c11130
_d11130
003 OSt
005 20191218141223.0
008 190216s9999||||xx |||||||||||||| ||und||
020 _a9788131503607
040 _coclc
082 _a337
_bCAR/I
100 _aCarbaugh, Robert J
_9560
245 0 _aInternational Economics /
_cRobert J Carbaugh
260 _bSouth Western Publishers,
_c2009.
_aNew Delhi:
300 _a553p
650 _aEconomics
942 _cBK
_2ddc
_h337
_iCAR/I
_k337
_mCAR/I